00464nam a2200157Ia 45000010006000000050017000060080041000230410008000640820015000721000025000872450141001122600009002533000028002626500008002906540008002981792220260306171552.0260306s9999||||xx |||||||||||||| ||und|| aESP a658.3bD87 aDolan, Simon L.eAUT 0aLa gestión de los recursos humanos:bcómo atraer, retener y desarrollar con éxito el capital humano en tiempos de transformación c2007 a508 páginas :c27 cm. aGEN aCAN